000 00339nam a2200145Ia 4500
999 _c14015
_d14015
003 OSt
005 20260422122332.0
008 260210s9999 xx 000 0 und d
020 _a9788957709153
082 _a720.956
100 _aArchiworld
245 0 _aMiddle East 100 Architecture, Vol. 1
260 _bArchiworld
942 _cPG
_2ddc